El director que enseña la practica de las virtudes christianas (Record no. 8507)

MARC details
000 -CABECERA
campo de control de longitud fija 00918nam a2200205 a 4500
001 - NÚMERO DE CONTROL
campo de control BRCA_8856
005 - FECHA Y HORA DE LA ÚLTIMA TRANSACCIÓN
campo de control 20190320210433.0
008 - DATOS DE LONGITUD FIJA--INFORMACIÓN GENERAL
campo de control de longitud fija 160517s1785----sp-#######---#000-0#spa-#
041 ## - CÓDIGO DE LENGUA
Código de lengua del texto/banda sonora o título independiente spa
044 ## - CÓDIGO DEL PAÍS DE LA ENTIDAD EDITORA/PRODUCTORA
Código MARC del país sp
084 ## - OTRO NÚMERO DE CLASIFICACIÓN
Número de clasificación BE240
Número de documento/Ítem .D57 1785
245 10 - MENCIÓN DE TÍTULO
Título El director que enseña la practica de las virtudes christianas
Resto del título distribuidas por semanas según el orden de la iglesia: Para el uso de odas las personas que quieren trabajar en zelo en su perfección: Obra dedicada á la Sagrada familia Jesús, María, y Joseph, y á los Ángeles Custodios: Traducida fielmente del Francés al Castellano
Mención de responsabilidad, etc. por Don Placido Barco López.
260 ## - PUBLICACIÓN, DISTRIBUCIÓN, ETC.
Lugar de publicación, distribución, etc. Madrid
Fecha de publicación, distribución, etc. 1785
300 ## - DESCRIPCIÓN FÍSICA
Extensión [6], 256 p.
Dimensiones 14.5 x 10.5 cm.
500 ## - NOTA GENERAL
Nota general Con las licencias necesarias
500 ## - NOTA GENERAL
Nota general Estado físico: presenta encuadernación en pergamino deteriorado y con hojas manchadas
650 14 - PUNTO DE ACCESO ADICIONAL DE MATERIA--TÉRMINO DE MATERIA
Término de materia o nombre geográfico como elemento de entrada Cristianismo
9 (RLIN) 15572
902 ## - CATALOGADOR
Iniciales CFM
942 ## - ELEMENTOS DE PUNTO DE ACCESO ADICIONAL (KOHA)
Fuente del sistema de clasificación o colocación Library of Congress Classification
Tipo de ítem Koha Libros
Holdings
Estado de retiro Estado de pérdida Estado dañado No para préstamo Localización permanente Ubicación/localización actual Fecha de adquisición Total de préstamos Signatura topográfica completa Código de barras Fecha visto por última vez Precio válido a partir de Tipo de ítem Koha
El ejemplar forma parte de la colección y puede ser consultado según las políticas vigentes.       Biblioteca del Museo Franz Mayer (Rogerio Casas-Alatriste) Biblioteca del Museo Franz Mayer (Rogerio Casas-Alatriste) 16/05/2017   BE240 .D57 1785 CFM00184 22/03/2019 22/03/2019 Libros